Word Cross Puzzle #1 - Statistics

General Stats
  • This quiz has been taken 2,579 times
    1,051 since last reset
  • The average score is 8 of 10
Answer Stats
Answer % Correct
Ticket
97%
Again
86%
Economy
79%
Option
78%
Warm
77%
Emoji
76%
Order
76%
Rabbit
74%
Kite
66%
Ankle
60%
No matching quizzes found
Score Distribution
Percent of People with Each Score
Percentile by Number Answered
Your Score History
You have not taken this quiz since the last reset